The waste land; (Record no. 68388)

MARC details
000 -LEADER
fixed length control field 00640cam a22002291 4500
001 - CONTROL NUMBER
control field sa 66002465
003 - CONTROL NUMBER IDENTIFIER
control field DLC
005 - DATE AND TIME OF LATEST TRANSACTION
control field 20260227112229.0
008 - FIXED-LENGTH DATA ELEMENTS--GENERAL INFORMATION
fixed length control field 771215s1965 ii 000 0 eng
010 ## - LIBRARY OF CONGRESS CONTROL NUMBER
LC control number sa 66002465
025 ## - OVERSEAS ACQUISITION NUMBER
Overseas acquisition number PL 480: I-E-5478
035 ## - SYSTEM CONTROL NUMBER
System control number (OCoLC)3495230
040 ## - CATALOGING SOURCE
Original cataloging agency DLC
Transcribing agency NcRS
Modifying agency OCoLC
-- DLC
042 ## - AUTHENTICATION CODE
Authentication code premarc
050 00 - LIBRARY OF CONGRESS CALL NUMBER
Classification number PS3509.L43
Item number W377
100 1# - MAIN ENTRY--PERSONAL NAME
Personal name Rai, Vikramaditya.
245 14 - TITLE STATEMENT
Title The waste land;
Remainder of title a critical study.
250 ## - EDITION STATEMENT
Edition statement [1st ed.
260 ## - PUBLICATION, DISTRIBUTION, ETC.
Place of publication, distribution, etc. Varanasi,
Name of publisher, distributor, etc. Motilal Banarsidass]
Date of publication, distribution, etc. 1965.
300 ## - PHYSICAL DESCRIPTION
Extent ii, 190 p.
Dimensions 22 cm.
600 10 - SUBJECT ADDED ENTRY--PERSONAL NAME
Personal name Eliot, T. S.
Fuller form of name (Thomas Stearns),
Dates associated with a name 1888-1965.
Title of a work Waste land.

No items available.

Powered by Koha